| 000 | 00939nam a22003137a 4500 | ||
|---|---|---|---|
| 001 | BR8901137 | ||
| 003 | BR-BrBNA | ||
| 005 | 20230928093152.0 | ||
| 007 | ta | ||
| 008 | 230509b bl.||||| |||| 00| 0 por d | ||
| 040 |
_aBR-BrBNA _bpor _cBiblioteca Nacional de Agricultura |
||
| 041 | _a(Por) | ||
| 072 |
_aM12 _b8100 _b/G514 _b/GZ65 |
||
| 090 | _ 8100 BR8901137 | ||
| 100 | 1 | _aPinheiro, J.L.P. | |
| 100 | 1 | _aSilva, M.C.N. da | |
| 100 | 1 | _aSilva, M.S. da | |
| 100 | 1 | _aSoares, M.A.A. de Q. | |
| 100 | 1 | _aSouza, N.H. de | |
| 245 | 1 | _aProducao de alevinos; tecnologia aplicada nas estacoes de piscicultura da CODEVASF no baixo Sao Francisco [Companhia de Desenvolvimento do Vale do Sao Francisco] | |
| 260 | 3 |
_aBrasilia, DF (Brasil): _c1988. |
|
| 300 | _a27 p. | ||
| 500 | _a4 tables | ||
| 650 | _aPISCICULTURA | ||
| 650 | _aALEVINO | ||
| 650 | _aRIO SAO FRANCISCO | ||
| 909 |
_a202309 _bLucia _c55 _dLucia Elande |
||
| 942 | _cBK | ||
| 999 |
_c43393 _d43393 |
||